National Household Survey shows decline in youth drug use

Saved in:  
Bibliographic Details
Format: Print Article
Language:English
Published: 1999
In: Alcoholism & drug abuse week
Year: 1999, Volume: 11, Issue: 33, Pages: 1-5
Check availability: HBZ Gateway

MARC

LEADER 00000caa a22000002c 4500
001 1912631105
003 DE-627
005 20250126055029.0
007 tu
008 241217s1999 xx ||||| 00| ||eng c
035 |a (DE-627)1912631105 
035 |a (DE-599)KXP1912631105 
040 |a DE-627  |b ger  |c DE-627  |e rda 
041 |a eng 
084 |a 2,1  |2 ssgn 
245 0 0 |a National Household Survey shows decline in youth drug use 
264 1 |c 1999 
336 |a Text  |b txt  |2 rdacontent 
337 |a ohne Hilfsmittel zu benutzen  |b n  |2 rdamedia 
338 |a Band  |b nc  |2 rdacarrier 
500 |a Anonymous 
773 0 8 |i Enthalten in  |t Alcoholism & drug abuse week  |d Providence, RI : Manisses Communications Group, 1989  |g 11(1999), 33, Seite 1-5  |w (DE-627)525876812  |w (DE-600)2274006-5  |w (DE-576)9525876810  |x 1042-1394  |7 nnas 
773 1 8 |g volume:11  |g year:1999  |g number:33  |g pages:1-5 
787 0 8 |i Forschungsdaten  |a United States Department of Health and Human Services. Substance Abuse and Mental Health Services Administration. Office of Applied Studies  |t National Household Survey on Drug Abuse, 1998  |d [Erscheinungsort nicht ermittelbar] : [Verlag nicht ermittelbar], 2000  |w (DE-627)184004845X 
935 |a mkri 
951 |a AR 
ELC |b 1 
LOK |0 000 xxxxxcx a22 zn 4500 
LOK |0 001 4637596637 
LOK |0 003 DE-627 
LOK |0 004 1912631105 
LOK |0 005 20241217044733 
LOK |0 008 241217||||||||||||||||ger||||||| 
LOK |0 035   |a (DE-2619)ICPSR2126 
LOK |0 040   |a DE-2619  |c DE-627  |d DE-2619 
LOK |0 092   |o n 
LOK |0 852   |a DE-2619 
LOK |0 852 1  |9 00 
LOK |0 935   |a nacp 
LOK |0 939   |a 17-12-24  |b l01 
ORI |a SA-MARC-krimdoka001.raw